01348cam a22002894a 45000010009000000050017000090080041000260100017000670200022000840400018001060420008001240500021001320820022001531000027001752450109002022600045003113000034003565040060003906500068004506500048005189060045005669420014006119990013006259520124006389520148007629520148009101211506520150716112200.0000721s2001 ilua b 001 0 eng  a 00059681  a0880116889 (pbk.) aDLCcDLCdDLC apcc00aGV363b.K32 200100a613.7/071/2732211 aKaardal, Kevin,d1962-10aLearning by choice in secondary physical education :bcreating a goal-directed program /cKevin Kaardal. aChampaign, IL :bHuman Kinetics,cc2001. avii, 256 p. :bill. ;c28 cm. aIncludes bibliographical references (p. 253) and index. 0aPhysical education and trainingxStudy and teaching (Secondary) 0aPhysical education and trainingxCurricula. a7bcbccorignewd1eocipf20gy-gencatlg 2ddccBOOK c368d368 00102ddc4070aFOMbFOMd2014-04-02edonationi0033685l0o613.7/071/273p1814r2015-07-16 00:00:00w2015-07-16yBOOK 00102ddc4070aGU-MLWbGU-MLWcGENd2023-05-31eDonation i0033066l0o613.7071273 KAApGU-MLW23051824r2023-05-31 00:00:00w2023-05-31yBOOK 00102ddc4070aGU-MLWbGU-MLWcGENd2023-05-31eDonation i0033065l0o613.7071273 KAApGU-MLW23051825r2023-05-31 00:00:00w2023-05-31yBOOK